| 000 | 01527pab a2200205 454500 | ||
|---|---|---|---|
| 008 | 180718b2014 xxu||||| |||| 00| 0 eng d | ||
| 100 | _aJacobsen, Christan Botcher | ||
| 245 | _aCommand and motivation: How the perception of external interventions relates to intrinsic motivation and public service motivation | ||
| 260 | _c2014 | ||
| 300 | _ap.790-806. | ||
| 520 | _aMotivated employees are crucial to organizations, but external interventions such as command systems and financial incentives may decrease motivation. If these external interventions are perceived to be controlling, they are expected to crowd out intrinsic motivation. This may also apply to other types of autonomous motivation such as public service motivation. The perception of external interventions is thus expected to be pivotal. This article investigates how the perception of a specific command system (obligatory student plans) is associated with intrinsic motivation and public service motivation. Using a dataset consisting of 3230 schoolteachers in Denmark, a structural equation model shows that the perception of obligatory student plans as controlling is negatively associated with all of the investigated types of employee motivation, supporting the idea that motivation crowding can occur. - Reproduced. | ||
| 650 | _aCivil service | ||
| 650 | _aPublic administration | ||
| 650 | _aMotivation | ||
| 700 | _aAndersen, Lotte Bogh | ||
| 700 | _aHvitved, Johan | ||
| 773 | _aPublic Administration | ||
| 908 | _aN | ||
| 909 | _a106905 | ||
| 999 |
_c106900 _d106900 |
||